<?xml version="1.0" encoding="UTF-8"?>
<collection xmlns="http://www.loc.gov/MARC21/slim">
 <record>
  <leader>00921nam a22002175a 4500</leader>
  <controlfield tag="001">CEM.cems015714</controlfield>
  <controlfield tag="005">20130510112246.0</controlfield>
  <controlfield tag="008">130507s1977##################000#0#####d</controlfield>
  <controlfield tag="003">CEMS</controlfield>
  <datafield tag="082" ind1="0" ind2="4">
   <subfield code="a">633.2</subfield>
  </datafield>
  <datafield tag="100" ind1="1" ind2=" ">
   <subfield code="a">Baya Casal, Enrique M.</subfield>
  </datafield>
  <datafield tag="245" ind1="1" ind2="0">
   <subfield code="a">Importancia del pasto llorón :</subfield>
   <subfield code="b"> como elemento de  incrementación en la producción de carne  vacuna /</subfield>
   <subfield code="c">Enrique M. Baya Casal</subfield>
  </datafield>
  <datafield tag="260" ind1=" " ind2=" ">
   <subfield code="a">Buenos Aires :</subfield>
   <subfield code="b">Hemisferio Sur,</subfield>
   <subfield code="c">1977</subfield>
  </datafield>
  <datafield tag="300" ind1=" " ind2=" ">
   <subfield code="a">87 p.</subfield>
  </datafield>
  <datafield tag="505" ind1="0" ind2=" ">
   <subfield code="a">Características generales -- Implantación -- Producción y valor alimenticio -- Manejo del Pasto llorón -- Otros usos del Pasto llorón -- Información sobre difusión en otras zonas</subfield>
  </datafield>
  <datafield tag="653" ind1=" " ind2=" ">
   <subfield code="a">Ganado-aumentación</subfield>
  </datafield>
  <datafield tag="653" ind1=" " ind2=" ">
   <subfield code="a">Pasto llorón</subfield>
  </datafield>
  <datafield tag="653" ind1=" " ind2=" ">
   <subfield code="a">Pasturas</subfield>
  </datafield>
  <datafield tag="653" ind1=" " ind2=" ">
   <subfield code="a">Eragrostis curvula</subfield>
  </datafield>
  <datafield tag="859" ind1=" " ind2=" ">
   <subfield code="a">CEMS</subfield>
   <subfield code="b">BIB. CEMS - Agricultura</subfield>
   <subfield code="h">633.2</subfield>
   <subfield code="i">B34</subfield>
   <subfield code="p">A13647.85</subfield>
   <subfield code="t">Ej.1</subfield>
   <subfield code="v">1</subfield>
   <subfield code="3">Vol. 1</subfield>
  </datafield>
  <datafield tag="859" ind1=" " ind2=" ">
   <subfield code="a">CEMS</subfield>
   <subfield code="b">BIB. CEMS - Agricultura</subfield>
   <subfield code="h">633.2</subfield>
   <subfield code="i">B34</subfield>
   <subfield code="p">A1869.13</subfield>
   <subfield code="t">Ej.2</subfield>
  </datafield>
 </record>
</collection>
